| 000 | 01171nam a2200265Ia 4500 | ||
|---|---|---|---|
| 999 |
_c56502 _d56502 |
||
| 001 | 23615 | ||
| 003 | GE_BSU | ||
| 005 | 20260224113035.0 | ||
| 008 | 181216s2005||||ge |||||||||||||| ||geo|| | ||
| 020 | _a99940-38-02-8 | ||
| 040 | _cGE_BSU | ||
| 041 | _ageo | ||
| 080 | _a94(38)(075.8) ქ-15 | ||
| 100 |
_aქავთარია, გრანი _915333 |
||
| 245 |
_aძველი საბერძნეთი : _bსახელმძღვ. სახ. უნ-ტის ისტორიის ფაკ-ტის სტუდ. / _cგრანი ქავთარია ; რედ.: გ. გამრეკელი. |
||
| 264 |
_aთბილისი : _bთბილ. უნ-ტის გამ-ბა, _c2005. |
||
| 300 |
_a577გვ. : _b ილ. ; _c20სმ.. |
||
| 500 | _aსაძიებ. გვ. 551-577 | ||
| 541 | _h15 ლ. | ||
| 653 | _aსახელმძღვანელო | ||
| 653 | _aძველი საბერძნეთი | ||
| 653 | _aძველი საბერძნეთის ისტორია | ||
| 700 |
_aგამრეკელი, გ. _eრედაქტორი _926953 |
||
| 942 |
_cBK _2udc |
||